[Event "M.Chigorin Memorial 2017 "]
[Site "?????-?????????"]
[Date "2017.10.21"]
[Round "1"]
[Board "50"]
[White "Popovich, Alexey"]
[Black "Yakubboev, Nodirbek"]
[Result "0-1"]
[WhiteElo "2023"]
[BlackElo "2437"]
[PlyCount "52"]
[EventDate "2017.10.21"]
[EventRounds "9"]
[EventCountry "RUS"]

1. e4 d6 2. d4 Nf6 3. Nc3 e5 4. Nf3 Nbd7 5. dxe5 dxe5 6. Bc4 Bb4 7. Qe2 O-O 8.
O-O c6 9. Nd1 Qc7 10. c3 Be7 11. Bd3 Nc5 12. Bc2 b6 13. b3 Ba6 14. c4 Rad8 15.
Bb2 Bd6 16. Ne3 g6 17. Rad1 Rfe8 18. Rxd6 Qxd6 19. Rd1 Qe6 20. Nxe5 Ncxe4 21.
Rxd8 Rxd8 22. N5g4 Nxg4 23. Nxg4 Rd2 24. Nf6+ Qxf6 25. Qxd2 Qxb2 26. Qd1 Nf6
 0-1

[Event "M.Chigorin Memorial 2017 "]
[Site "?????-?????????"]
[Date "2017.10.21"]
[Round "1"]
[Board "51"]
[White "Kozionov, Kirill"]
[Black "Kutyanina, Mariya"]
[Result "1-0"]
[WhiteElo "2433"]
[BlackElo "2020"]
[PlyCount "69"]
[EventDate "2017.10.21"]
[EventRounds "9"]
[EventCountry "RUS"]

1. e4 c5 2. Nf3 d6 3. d4 cxd4 4. Nxd4 Nf6 5. Nc3 a6 6. Nb3 e5 7. Bg5 Be6 8. Be2
Be7 9. O-O O-O 10. a4 Nbd7 11. Re1 Rc8 12. a5 Qc7 13. Nd2 h6 14. Bh4 Rfd8 15.
Nf1 Nc5 16. Bxf6 Bxf6 17. Ne3 Nd7 18. Bg4 Qc5 19. Ned5 Bg5 20. g3 Qd4 21. Qe2
Kh8 22. h4 Bxg4 23. Qxg4 Nf6 24. Qe2 Nxd5 25. Nxd5 Bf6 26. c3 Qc4 27. Qh5 Qb3
28. Nxf6 gxf6 29. Qxh6+ Kg8 30. Qxf6 Qxb2 31. h5 Kh7 32. Qxf7+ Kh8 33. Reb1
Qxc3 34. Rxb7 Qxa1+ 35. Kh2  1-0

[Event "M.Chigorin Memorial 2017 "]
[Site "?????-?????????"]
[Date "2017.10.21"]
[Round "1"]
[Board "52"]
[White "Yarosh, Ruslan"]
[Black "Nechaeva, Marina"]
[Result "1/2-1/2"]
[WhiteElo "2019"]
[BlackElo "2431"]
[PlyCount "77"]
[EventDate "2017.10.21"]
[EventRounds "9"]
[EventCountry "RUS"]

1. e4 c6 2. d4 d5 3. exd5 cxd5 4. Bd3 Nc6 5. c3 Qc7 6. h3 Nf6 7. Nf3 g6 8. Nbd2
Bg7 9. O-O O-O 10. Qc2 Nh5 11. Nb3 Nf4 12. Bxf4 Qxf4 13. Qd2 Qf6 14. Qe3 Bf5
15. Bxf5 Qxf5 16. Nc5 b6 17. Nd3 Rac8 18. Rae1 Rc7 19. Nfe5 Na5 20. g4 Qc8 21.
f4 f6 22. Nf3 Nc4 23. Qe2 a5 24. Qg2 Kh8 25. Re2 Nd6 26. Nd2 e6 27. Rfe1 Re8
28. Qg3 Qd7 29. Re3 Rcc8 30. R1e2 Re7 31. Re1 Rce8 32. Kg2 Kg8 33. R3e2 a4 34.
a3 Nf7 35. Nf3 Nd6 36. Nd2 Nf7 37. Nf3 Nd6 38. Nd2 Nf7 39. Nf3  1/2-1/2

[Event "M.Chigorin Memorial 2017 "]
[Site "?????-?????????"]
[Date "2017.10.21"]
[Round "1"]
[Board "53"]
[White "Gogolev, Artem"]
[Black "Tsapalin, Sergey"]
[Result "1/2-1/2"]
[WhiteElo "2427"]
[BlackElo "2016"]
[PlyCount "91"]
[EventDate "2017.10.21"]
[EventRounds "9"]
[EventCountry "RUS"]

1. d4 Nf6 2. Nf3 c5 3. c4 cxd4 4. Nxd4 e5 5. Nb5 d5 6. cxd5 Bc5 7. e3 O-O 8.
N5c3 e4 9. Nd2 Qe7 10. a3 Nbd7 11. b4 Bd6 12. Bb2 Nb6 13. Nc4 Bg4 14. Qd2 Nxc4
15. Bxc4 Rac8 16. Be2 Bf5 17. Nb5 Bb8 18. d6 Qd7 19. Bxf6 gxf6 20. Qd5 a6 21.
Nd4 Bg6 22. O-O Qxd6 23. Qxd6 Bxd6 24. Bg4 Rcd8 25. Rfd1 Be5 26. Rac1 Rfe8 27.
Kf1 Bxd4 28. Rxd4 f5 29. Rxd8 Rxd8 30. Be2 Rd2 31. h4 h5 32. b5 Ra2 33. bxa6
bxa6 34. Bxa6 Rxa3 35. Bc8 Kg7 36. Kg1 Ra2 37. Bb7 Rb2 38. Bd5 Rd2 39. Rc5 Kf6
40. Ra5 Kg7 41. Rb5 Kf6 42. Bb7 Kg7 43. Rb6 Ra2 44. Kf1 Ra1+ 45. Ke2 Ra2+ 46.
Ke1  1/2-1/2

[Event "M.Chigorin Memorial 2017 "]
[Site "?????-?????????"]
[Date "2017.10.21"]
[Round "1"]
[Board "54"]
[White "Poznyak, Nazar"]
[Black "Dai, Changren"]
[Result "0-1"]
[WhiteElo "2014"]
[BlackElo "2425"]
[PlyCount "68"]
[EventDate "2017.10.21"]
[EventRounds "9"]
[EventCountry "RUS"]

1. d4 Nf6 2. c4 e6 3. Nf3 d5 4. g3 Bb4+ 5. Bd2 Be7 6. Bg2 O-O 7. O-O Nbd7 8.
Qc2 c6 9. b3 Ne4 10. Nc3 f5 11. Rfd1 Bd6 12. Qc1 Qe7 13. Bf4 Bxf4 14. gxf4 b6
15. Qe3 Bb7 16. Rac1 Rac8 17. Ne5 Nxe5 18. dxe5 Ba6 19. Na4 Qa3 20. Bxe4 fxe4
21. Nc3 Qe7 22. c5 b5 23. b4 Qh4 24. Qg3 Rxf4 25. Qxh4 Rxh4 26. Rd4 Rh5 27.
Nxe4 dxe4 28. Rd7 Rf8 29. Rxa7 Bc8 30. Rc3 Rxe5 31. Rg3 g6 32. Rh3 Rg5+ 33. Rg3
Rgf5 34. Rh3 R5f7  0-1

[Event "M.Chigorin Memorial 2017 "]
[Site "?????-?????????"]
[Date "2017.10.21"]
[Round "1"]
[Board "55"]
[White "Vlasenko, Miroslav"]
[Black "Gagare, Shalmali"]
[Result "1-0"]
[WhiteElo "2423"]
[BlackElo "2013"]
[PlyCount "89"]
[EventDate "2017.10.21"]
[EventRounds "9"]
[EventCountry "RUS"]

1. d4 Nf6 2. Bg5 e6 3. Nf3 c5 4. e3 Be7 5. Nbd2 O-O 6. Bd3 b6 7. O-O Bb7 8. c3
Nc6 9. Qb1 h6 10. Bxf6 Bxf6 11. b4 cxb4 12. cxb4 d5 13. Rc1 Qd6 14. b5 Na5 15.
Nb3 a6 16. Nxa5 bxa5 17. a4 Rfb8 18. Ra2 axb5 19. axb5 Qb6 20. Rc5 e5 21. dxe5
Qxc5 22. exf6 Rc8 23. Bh7+ Kh8 24. fxg7+ Kxg7 25. Bc2 Rc7 26. Nd4 Bc8 27. h3
Bd7 28. Qd1 Qd6 29. Qa1 f6 30. Rxa5 Rxa5 31. Qxa5 Qc5 32. Kh2 Kf7 33. Bb3 Kg7
34. Qa8 Rc8 35. Qa2 Qd6+ 36. g3 Rc5 37. Qa7 Qc7 38. Qxc7 Rxc7 39. Bxd5 Rc5 40.
b6 Rc1 41. b7 Rb1 42. Bb3 Bc6 43. Nxc6 Rxb3 44. b8=Q Rxb8 45. Nxb8  1-0

[Event "M.Chigorin Memorial 2017 "]
[Site "?????-?????????"]
[Date "2017.10.21"]
[Round "1"]
[Board "56"]
[White "Dmitriev, Vladimir"]
[Black "Duzhakov, Ilya"]
[Result "0-1"]
[WhiteElo "2013"]
[BlackElo "2423"]
[PlyCount "90"]
[EventDate "2017.10.21"]
[EventRounds "9"]
[EventCountry "RUS"]

1. e4 c5 2. Nc3 Nc6 3. g3 g6 4. Bg2 Bg7 5. Nge2 d6 6. h3 Rb8 7. a4 e6 8. O-O
Nge7 9. f4 O-O 10. d3 b6 11. g4 f5 12. Ng3 Nd4 13. Kh2 Bd7 14. gxf5 exf5 15.
Nd5 fxe4 16. Nxe7+ Qxe7 17. dxe4 Kh8 18. c3 Nc6 19. Qd3 Rbd8 20. Rb1 Be6 21. b4
Ba2 22. Rb2 Bg8 23. Qb5 Nb8 24. Qd3 Nd7 25. Rd2 Qh4 26. Rdf2 Nf6 27. Qe2 Rde8
28. Qf3 Nd7 29. Qd3 Be6 30. Qxd6 Nf6 31. Rf3 Bc4 32. Re1 Ng4+ 33. Kg1 Ne5 34.
Rfe3 Qxf4 35. Qd1 Qf2+ 36. Kh2 Rd8 37. Nh1 Qf4+ 38. Rg3 Rxd1 39. Rxd1 Qf7 40.
bxc5 bxc5 41. Be3 Qc7 42. Kg1 a5 43. h4 h5 44. Bg5 Ng4 45. Rf3 Qh2#  0-1

[Event "M.Chigorin Memorial 2017 "]
[Site "?????-?????????"]
[Date "2017.10.21"]
[Round "1"]
[Board "57"]
[White "Liu, Yan"]
[Black "Sapegin, Yaroslav"]
[Result "1-0"]
[WhiteElo "2422"]
[BlackElo "2007"]
[PlyCount "53"]
[EventDate "2017.10.21"]
[EventRounds "9"]
[EventCountry "RUS"]

1. Nf3 Nc6 2. d4 d5 3. e3 Bg4 4. Bb5 e6 5. Nbd2 a6 6. Bxc6+ bxc6 7. c4 Bb4 8.
Qa4 Bxd2+ 9. Bxd2 f6 10. Qxc6+ Kf7 11. cxd5 Qxd5 12. Qxd5 exd5 13. Rc1 Rc8 14.
Rc6 Ne7 15. Rxa6 c5 16. dxc5 Bxf3 17. gxf3 Rxc5 18. Ra7 Rb8 19. b3 Kf8 20. Ke2
Nc6 21. Ra4 Ne5 22. f4 Nc6 23. Rc1 Rbb5 24. Rxc5 Rxc5 25. b4 Rc4 26. Ra8+ Kf7
27. b5  1-0

[Event "M.Chigorin Memorial 2017 "]
[Site "?????-?????????"]
[Date "2017.10.21"]
[Round "1"]
[Board "58"]
[White "Yudkevich, Mikhail"]
[Black "Faizrakhmanov, Ramil"]
[Result "0-1"]
[WhiteElo "2005"]
[BlackElo "2421"]
[PlyCount "112"]
[EventDate "2017.10.21"]
[EventRounds "9"]
[EventCountry "RUS"]

1. d4 Nf6 2. c4 e6 3. g3 d5 4. Nf3 Bb4+ 5. Bd2 Be7 6. Bg2 O-O 7. O-O Nbd7 8.
Qc2 c6 9. Bf4 Ne4 10. Nbd2 g5 11. Be3 f5 12. Nxe4 dxe4 13. Ne1 Rf7 14. Rd1 Nf8
15. Bc1 Ng6 16. f3 exf3 17. Nxf3 g4 18. Ne5 Nxe5 19. dxe5 Bd7 20. c5 h5 21. e4
Qf8 22. b4 Rd8 23. exf5 Rxf5 24. Bf4 Qg7 25. Qc4 Bg5 26. Be4 Rff8 27. Bc2 Bxf4
28. gxf4 Kh8 29. Qe4 Rg8 30. Rd2 Rdf8 31. Rg2 Be8 32. h3 g3 33. h4 Qe7 34. f5
exf5 35. Qf4 Bg6 36. Bb3 Rg7 37. Rxg3 Bh7 38. Rxg7 Qxg7+ 39. Kh2 Re8 40. Re1
Qg4 41. Qxg4 fxg4 42. Bf7 Re7 43. Bxh5 Bf5 44. Kg3 Rh7 45. Be8 Kg7 46. Kf4 Be6
47. h5 Rh8 48. Bg6 Kh6 49. Rd1 Rf8+ 50. Kg3 Rf3+ 51. Kg2 Kg5 52. Be8 Bd5 53.
Kg1 Rh3 54. Re1 Rh1+ 55. Kf2 g3+ 56. Ke2 g2  0-1

[Event "M.Chigorin Memorial 2017 "]
[Site "?????-?????????"]
[Date "2017.10.21"]
[Round "1"]
[Board "59"]
[White "Gaifullin, Artur"]
[Black "Kuznetsov, Roman"]
[Result "1-0"]
[WhiteElo "2414"]
[BlackElo "2004"]
[PlyCount "93"]
[EventDate "2017.10.21"]
[EventRounds "9"]
[EventCountry "RUS"]

1. Nf3 Nf6 2. c4 e6 3. e3 d5 4. b3 b6 5. Bb2 Nbd7 6. cxd5 exd5 7. Be2 Bd6 8.
O-O O-O 9. Nc3 a6 10. Rc1 c5 11. d4 Bb7 12. Qc2 Rc8 13. Rfd1 cxd4 14. Rxd4 Ne5
15. Qd1 Qe7 16. Rd2 Rfd8 17. Na4 Rxc1 18. Qxc1 Ne4 19. Rc2 Nxf3+ 20. Bxf3 b5
21. Nc3 Ng5 22. Be2 b4 23. Na4 Ne4 24. Bf1 Bc8 25. f3 Nc3 26. Nxc3 bxc3 27.
Rxc3 Bf5 28. Bd3 Bd7 29. Rc2 a5 30. Bd4 Qh4 31. g3 Qh5 32. f4 Re8 33. Be2 Qf5
34. Bf3 Ba3 35. Qd1 a4 36. Be5 axb3 37. axb3 Be6 38. Qe2 Bf8 39. Rc1 f6 40. Bd4
Rb8 41. Kh1 Rxb3 42. g4 Qd3 43. Qxd3 Rxd3 44. f5 Bf7 45. Rc8 Rxd4 46. exd4 g6
47. Rd8  1-0

[Event "M.Chigorin Memorial 2017 "]
[Site "?????-?????????"]
[Date "2017.10.21"]
[Round "1"]
[Board "60"]
[White "Shavykin, Oleg"]
[Black "Sadovsky, Artem"]
[Result "0-1"]
[WhiteElo "2002"]
[BlackElo "2407"]
[PlyCount "58"]
[EventDate "2017.10.21"]
[EventRounds "9"]
[EventCountry "RUS"]

1. e4 g6 2. Nc3 Bg7 3. Bc4 d6 4. f4 c6 5. Qf3 e6 6. Bb3 d5 7. d3 Nd7 8. a3 Ne7
9. Nge2 Nc5 10. Ba2 a5 11. f5 gxf5 12. O-O Nd7 13. Bg5 Bf6 14. Bxf6 Nxf6 15.
exf5 Nxf5 16. Rae1 Rg8 17. Kh1 Ng4 18. Nf4 Qh4 19. Nh3 Kd8 20. d4 Ngh6 21. Ne2
Qg4 22. Qf2 Qg7 23. c3 Ng4 24. Qf4 Nge3 25. Rg1 Qg4 26. Qe5 Qh4 27. Nef4 Ng4
28. Qe2 Qg3 29. hxg3 Nxg3#  0-1

[Event "M.Chigorin Memorial 2017 "]
[Site "?????-?????????"]
[Date "2017.10.21"]
[Round "1"]
[Board "61"]
[White "Sindarov, Javokhir"]
[Black "Ansat, Aldiyar"]
[Result "1-0"]
[WhiteElo "2406"]
[BlackElo "1996"]
[PlyCount "79"]
[EventDate "2017.10.21"]
[EventRounds "9"]
[EventCountry "RUS"]

1. Nf3 c5 2. g3 b6 3. Bg2 Bb7 4. O-O Nf6 5. d3 e6 6. c4 Be7 7. Nc3 d6 8. a3
Nbd7 9. b4 cxb4 10. axb4 a6 11. Bb2 O-O 12. Qb3 Qc7 13. Rfc1 Rfc8 14. Qd1 Ne5
15. Nxe5 dxe5 16. Bxb7 Qxb7 17. Qb3 h5 18. b5 a5 19. Na4 Nd7 20. Qd1 Rd8 21. e3
h4 22. Qf1 Rac8 23. Rd1 Bf6 24. Ba3 g6 25. Rac1 Kg7 26. Qg2 Qb8 27. Qf3 Rh8 28.
d4 hxg3 29. hxg3 Rh5 30. d5 exd5 31. cxd5 Rch8 32. e4 Nc5 33. Bxc5 bxc5 34. b6
Qc8 35. Nxc5 Qh3 36. b7 Bg5 37. Ne6+ fxe6 38. Rc7+ Kh6 39. Rc8 Bd8 40. b8=Q  1-0

[Event "M.Chigorin Memorial 2017 "]
[Site "?????-?????????"]
[Date "2017.10.21"]
[Round "1"]
[Board "62"]
[White "Sergeeva, Natalia"]
[Black "Ofitserian, Boris"]
[Result "0-1"]
[WhiteElo "1994"]
[BlackElo "2402"]
[PlyCount "80"]
[EventDate "2017.10.21"]
[EventRounds "9"]
[EventCountry "RUS"]

1. e4 c5 2. Nf3 d6 3. d4 cxd4 4. Nxd4 Nf6 5. Nc3 a6 6. Be2 e5 7. Nf3 Be7 8. Bg5
Nbd7 9. O-O O-O 10. a4 Qc7 11. Nd2 h6 12. Be3 b6 13. Nc4 Bb7 14. f3 Rab8 15.
Bf2 Rfc8 16. Ne3 Bf8 17. Qd2 g6 18. Rfd1 Kg7 19. Bc4 Nc5 20. Bd5 Ne6 21. Bxb7
Qxb7 22. Ned5 Nd7 23. Be3 Kh7 24. Rf1 Bg7 25. f4 exf4 26. Nxf4 Ne5 27. Nxe6
fxe6 28. Qxd6 Nc4 29. Qg3 Nxb2 30. Bd2 Qd7 31. Be1 Qd4+ 32. Kh1 Rb7 33. Ra3
Rbc7 34. Ne2 Qc4 35. Rf2 Nd1 36. Rd3 Nxf2+ 37. Bxf2 Qxe4 38. Nf4 Rxc2 39. Re3
Rxf2 40. Qxf2 Rc1+  0-1

[Event "M.Chigorin Memorial 2017 "]
[Site "?????-?????????"]
[Date "2017.10.21"]
[Round "1"]
[Board "63"]
[White "Erenberg, Ariel"]
[Black "Kundianok, Vladislav"]
[Result "1-0"]
[WhiteElo "2401"]
[BlackElo "1993"]
[PlyCount "57"]
[EventDate "2017.10.21"]
[EventRounds "9"]
[EventCountry "RUS"]

1. d4 Nf6 2. c4 e6 3. Nc3 Bb4 4. f3 d5 5. a3 Bxc3+ 6. bxc3 c5 7. cxd5 exd5 8.
e3 Nc6 9. Bd3 O-O 10. Ne2 Re8 11. O-O Bd7 12. Ra2 Rc8 13. g4 Na5 14. Ng3 h6 15.
h4 cxd4 16. cxd4 Nc4 17. Qe1 Nh7 18. Rh2 Qe7 19. Kf2 Nxa3 20. g5 Nc2 21. Qd2
Qb4 22. gxh6 Qb3 23. Bxh7+ Kxh7 24. e4 Rc3 25. Kg1 Ne3 26. Re1 Rec8 27. Rhe2
Rd3 28. Rxe3 Rxc1 29. Qxc1  1-0

[Event "M.Chigorin Memorial 2017 "]
[Site "?????-?????????"]
[Date "2017.10.21"]
[Round "1"]
[Board "64"]
[White "Slugin, Yaroslav"]
[Black "Vokhidov, Shamsiddin"]
[Result "0-1"]
[WhiteElo "1992"]
[BlackElo "2399"]
[PlyCount "88"]
[EventDate "2017.10.21"]
[EventRounds "9"]
[EventCountry "RUS"]

1. d4 d5 2. Nc3 Nf6 3. Bf4 e6 4. e3 a6 5. Bd3 b5 6. a3 c5 7. Nf3 Bb7 8. O-O
Nbd7 9. h3 g6 10. Re1 Bg7 11. Ne5 O-O 12. Nxd7 Nxd7 13. Bd6 Re8 14. dxc5 Rc8
15. e4 Nxc5 16. Bxc5 Rxc5 17. exd5 Bxc3 18. bxc3 Qxd5 19. Bf1 Rxc3 20. Qxd5
Bxd5 21. a4 b4 22. Bxa6 Ra8 23. Bd3 b3 24. Re2 Rac8 25. Rd2 b2 26. Rb1 Rxd3 27.
Rxd3 Rxc2 28. Rdd1 Ba2 29. Kh2 Bxb1 30. Rxb1 Rxf2 31. Kg3 Rc2 32. a5 Rc5 33.
Rxb2 Rxa5 34. Kf4 Kg7 35. g4 h5 36. Kg3 Ra3+ 37. Kh4 Kh6 38. g5+ Kg7 39. Rb4
Rf3 40. Rb8 Rf5 41. Rc8 e5 42. Re8 Rf4+ 43. Kg3 h4+ 44. Kg2 Rf5  0-1

[Event "M.Chigorin Memorial 2017 "]
[Site "?????-?????????"]
[Date "2017.10.21"]
[Round "1"]
[Board "65"]
[White "Bryakin, Mikhail"]
[Black "Gordon, Evgeny"]
[Result "1-0"]
[WhiteElo "2391"]
[BlackElo "1990"]
[PlyCount "91"]
[EventDate "2017.10.21"]
[EventRounds "9"]
[EventCountry "RUS"]

1. c4 e6 2. Nf3 d5 3. g3 Nf6 4. Bg2 Be7 5. O-O O-O 6. b3 b6 7. Bb2 Bb7 8. Ne5
Nbd7 9. d4 c5 10. Nxd7 Qxd7 11. dxc5 bxc5 12. cxd5 exd5 13. Qc2 Rac8 14. Rd1
Qe6 15. Nd2 Ne4 16. Nxe4 dxe4 17. Rac1 Rfd8 18. Rxd8+ Rxd8 19. Rd1 Rxd1+ 20.
Qxd1 Bd5 21. Ba3 Qc6 22. Qc1 Bf8 23. e3 h5 24. h4 Be7 25. Qc3 Bf8 26. Qe5 a5
27. Bf1 a4 28. bxa4 Bxa2 29. a5 Qd5 30. Qb8 Qb3 31. Qxb3 Bxb3 32. a6 Bd5 33. a7
Bd6 34. Bc4 Bb7 35. Kf1 Kf8 36. Ke1 Ke7 37. Kd2 f6 38. Kc3 g5 39. Be2 gxh4 40.
gxh4 Be5+ 41. Kc4 Kd6 42. Bxc5+ Kc6 43. Bxh5 Ba6+ 44. Kb4 Bb7 45. Bg6 Kd5 46.
Bf5  1-0

[Event "M.Chigorin Memorial 2017 "]
[Site "?????-?????????"]
[Date "2017.10.21"]
[Round "1"]
[Board "66"]
[White "Chekletsov, Egor"]
[Black "Gubajdullin, Alexei"]
[Result "0-1"]
[WhiteElo "1970"]
[BlackElo "2391"]
[PlyCount "52"]
[EventDate "2017.10.21"]
[EventRounds "9"]
[EventCountry "RUS"]

1. d4 g6 2. e4 Bg7 3. f3 d5 4. e5 c5 5. c3 Nc6 6. Be3 Nh6 7. Bd3 Qb6 8. b3 cxd4
9. cxd4 Nxe5 10. Bc2 Neg4 11. Bxh6 Nxh6 12. Ne2 Nf5 13. Bxf5 Bxf5 14. Nbc3 Rc8
15. Qd2 Qa5 16. O-O O-O 17. Rfd1 Rc6 18. g4 Be6 19. Na4 Qxd2 20. Rxd2 b5 21.
Nb2 Bh6 22. f4 Bxg4 23. Nd3 Bxe2 24. Rxe2 Bg7 25. Ne5 Bxe5 26. fxe5 Rfc8  0-1

[Event "M.Chigorin Memorial 2017 "]
[Site "?????-?????????"]
[Date "2017.10.21"]
[Round "1"]
[Board "67"]
[White "Saveliev, Alexei"]
[Black "Atakishiyev, Elmar"]
[Result "1-0"]
[WhiteElo "2387"]
[BlackElo "1969"]
[PlyCount "121"]
[EventDate "2017.10.21"]
[EventRounds "9"]
[EventCountry "RUS"]

1. d4 d5 2. Nc3 Nf6 3. Bf4 e6 4. e3 Bd6 5. Qf3 O-O 6. g4 c5 7. g5 Ne4 8. Bxd6
Qxd6 9. Nxe4 dxe4 10. Qxe4 cxd4 11. O-O-O Qc5 12. Bd3 g6 13. Qxd4 Qxg5 14. h4
Qd5 15. Qxd5 exd5 16. Be2 Be6 17. Bf3 Rd8 18. Ne2 Nc6 19. Nf4 Ne7 20. Rd2 Rd7
21. Rhd1 Rad8 22. c3 b6 23. e4 d4 24. Nxe6 fxe6 25. Bg4 Kf7 26. cxd4 h5 27. Bh3
Rc7+ 28. Kb1 Rc4 29. Bf1 Rc7 30. Rd3 Rcd7 31. Bh3 Rd6 32. f4 Kg7 33. Kc2 Nc8
34. Kc3 Ne7 35. a3 Kf7 36. Kc2 Kg7 37. R1d2 Kf7 38. Kd1 Kg7 39. Ke2 Kf7 40. Ke3
Kg7 41. Rc2 Nc6 42. d5 exd5 43. e5 Re8 44. Kd2 Nxe5 45. fxe5 Rxe5 46. Re3 Re4
47. Rc7+ Kh6 48. Rxe4 dxe4+ 49. Ke2 Rd3 50. Rc3 Rd6 51. Ke3 Rd1 52. Kxe4 Rd2
53. b3 Rh2 54. Kd5 Kg7 55. a4 Kf6 56. Rf3+ Ke7 57. Kc6 Rc2+ 58. Kb7 Ra2 59. Bf1
Rh2 60. Rh3 Rf2 61. Bc4  1-0

[Event "M.Chigorin Memorial 2017 "]
[Site "?????-?????????"]
[Date "2017.10.21"]
[Round "1"]
[Board "68"]
[White "Shmoilov, Dmitry"]
[Black "Zhang, Ziji"]
[Result "0-1"]
[WhiteElo "1962"]
[BlackElo "2387"]
[PlyCount "74"]
[EventDate "2017.10.21"]
[EventRounds "9"]
[EventCountry "RUS"]

1. d4 Nf6 2. c4 e6 3. g3 d5 4. Nf3 dxc4 5. Bg2 Nc6 6. O-O Rb8 7. Ne5 Nxe5 8.
dxe5 Qxd1 9. Rxd1 Nd7 10. f4 Bc5+ 11. Kf1 f6 12. exf6 Nxf6 13. Bf3 O-O 14. Kg2
b5 15. e4 e5 16. Nc3 Bd6 17. a4 a6 18. axb5 axb5 19. Ra5 Bd7 20. Be3 Ra8 21.
Rda1 Rxa5 22. Rxa5 Rb8 23. f5 b4 24. Nd1 Bc6 25. Nf2 c3 26. b3 Ra8 27. Rxa8+
Bxa8 28. Kf1 c5 29. Ke2 Bc6 30. Kd3 Bb5+ 31. Kc2 c4 32. bxc4 Bxc4 33. Nd3 Nd7
34. Ba7 Kf7 35. h4 Bb5 36. Nc1 Bc5 37. Bxc5 Nxc5  0-1

[Event "M.Chigorin Memorial 2017 "]
[Site "?????-?????????"]
[Date "2017.10.21"]
[Round "1"]
[Board "69"]
[White "Meribanov, Vitaly"]
[Black "Natarov, Ilya"]
[Result "1-0"]
[WhiteElo "2386"]
[BlackElo "1961"]
[PlyCount "105"]
[EventDate "2017.10.21"]
[EventRounds "9"]
[EventCountry "RUS"]

1. e4 Nf6 2. e5 Nd5 3. d4 d6 4. Nf3 Bg4 5. Be2 e6 6. O-O Be7 7. c4 Nb6 8. h3
Bh5 9. Nc3 O-O 10. Be3 d5 11. c5 Bxf3 12. Bxf3 Nc4 13. Bf4 b6 14. b3 Na5 15.
Rc1 bxc5 16. dxc5 Nbc6 17. Na4 Bg5 18. Qd2 Bxf4 19. Qxf4 Ne7 20. Nb2 Nac6 21.
Nd3 Ng6 22. Qe3 Rb8 23. Rb1 Qh4 24. Bg4 Nb4 25. f4 Nxd3 26. Qxd3 h5 27. g3 Qe7
28. Bxh5 Qxc5+ 29. Kh2 Ne7 30. Rbc1 Qa5 31. Rf2 c5 32. Qc3 Qa6 33. Qxc5 Rbc8
34. Qe3 Nf5 35. Qd2 Rxc1 36. Qxc1 Qd3 37. Bf3 Nd4 38. Bg4 Nf5 39. Bxf5 Qxf5 40.
Qc2 Qh5 41. b4 d4 42. Rd2 Rd8 43. Qe4 g6 44. a4 Kg7 45. b5 Rd5 46. Kg2 a6 47.
b6 a5 48. b7 Qh8 49. Rxd4 Qd8 50. Rxd5 exd5 51. Qd4 Kh7 52. Qc5 d4 53. Qd6  1-0

[Event "M.Chigorin Memorial 2017 "]
[Site "?????-?????????"]
[Date "2017.10.21"]
[Round "1"]
[Board "70"]
[White "Pogorelskikh, Sofia"]
[Black "Vastrukhin, Oleg"]
[Result "0-1"]
[WhiteElo "1959"]
[BlackElo "2386"]
[PlyCount "112"]
[EventDate "2017.10.21"]
[EventRounds "9"]
[EventCountry "RUS"]

1. e4 g6 2. d4 Bg7 3. Nc3 a6 4. Be3 b5 5. Qd2 Bb7 6. f3 d6 7. h4 h5 8. Nh3 Nd7
9. O-O-O c5 10. Kb1 cxd4 11. Bxd4 Bxd4 12. Qxd4 Ngf6 13. Nf2 Qb6 14. Ne2 Rc8
15. Qxb6 Nxb6 16. Nd4 O-O 17. Bd3 Rfd8 18. Nb3 Nbd7 19. Rhe1 Nc5 20. Nxc5 Rxc5
21. b4 Rc7 22. Rc1 Rdc8 23. Nd1 e6 24. Nb2 d5 25. e5 Nd7 26. f4 Nb6 27. Rg1 d4
28. g4 hxg4 29. Rxg4 Nd5 30. h5 Nc3+ 31. Ka1 Bf3 32. Rg5 Bxh5 33. f5 exf5 34.
Bxf5 Re8 35. e6 f6 36. Rg2 Rg7 37. Bg4 Bxg4 38. Rxg4 Rxe6 39. Rxd4 Rge7 40. Rd3
Re1 41. Rd8+ Kf7 42. Nd3 Rxc1+ 43. Nxc1 g5 44. Kb2 Ne2 45. Rd6 Nxc1 46. Kxc1 g4
47. Kd2 Re6 48. Rd3 f5 49. a4 Kf6 50. axb5 axb5 51. c4 bxc4 52. Rc3 Kg5 53. b5
Rb6 54. Rxc4 Rxb5 55. Rc3 Re5 56. Rc8 g3  0-1

[Event "M.Chigorin Memorial 2017 "]
[Site "?????-?????????"]
[Date "2017.10.21"]
[Round "1"]
[Board "71"]
[White "Nikitenko, Mihail"]
[Black "Dushin, Nikolay"]
[Result "1-0"]
[WhiteElo "2376"]
[BlackElo "1956"]
[PlyCount "65"]
[EventDate "2017.10.21"]
[EventRounds "9"]
[EventCountry "RUS"]

1. e4 g6 2. d4 Bg7 3. Nc3 d6 4. Be3 a6 5. h4 h5 6. Qd2 Nd7 7. f4 Nh6 8. Nf3 Ng4
9. e5 Nb6 10. Bd3 d5 11. Ng5 e6 12. Bg1 Qe7 13. b3 Bd7 14. a4 a5 15. Nd1 Nh6
16. c3 Nf5 17. Ne3 Bh6 18. Bf2 Bxg5 19. hxg5 Nxe3 20. Bxe3 Qf8 21. Qe2 Nc8 22.
Bc1 Ne7 23. Ba3 Qg7 24. Kd2 Nf5 25. Rh3 Bc6 26. Rah1 Kd7 27. g3 Rhb8 28. g4
hxg4 29. Rh7 Qg8 30. Qxg4 b5 31. Bxf5 exf5 32. e6+ Kc8 33. Qe2  1-0

[Event "M.Chigorin Memorial 2017 "]
[Site "?????-?????????"]
[Date "2017.10.21"]
[Round "1"]
[Board "72"]
[White "Efremov, Vladislav"]
[Black "Litvinov, Maxim"]
[Result "1/2-1/2"]
[WhiteElo "1953"]
[BlackElo "2373"]
[PlyCount "81"]
[EventDate "2017.10.21"]
[EventRounds "9"]
[EventCountry "RUS"]

1. d4 Nf6 2. c4 e6 3. Nf3 d5 4. Bg5 Be7 5. e3 O-O 6. Nc3 Nbd7 7. Qc2 h6 8. Bh4
a6 9. cxd5 exd5 10. Bd3 c6 11. O-O Re8 12. Bf5 Nb6 13. Ne5 Bxf5 14. Qxf5 Nc8
15. a3 Nd6 16. Qc2 Nh7 17. Bxe7 Qxe7 18. b4 Ng5 19. a4 f6 20. Ng6 Qf7 21. Nf4
b5 22. axb5 axb5 23. Ra2 Nc4 24. Rfa1 Rxa2 25. Rxa2 Qe7 26. Qb1 Ne6 27. Nxe6
Qxe6 28. Ne2 f5 29. Nf4 Qe7 30. Qxf5 Qxb4 31. h3 Qe7 32. Qg6 Nd6 33. Nh5 Rf8
34. Ra6 Qf7 35. Qxf7+ Nxf7 36. Rxc6 Rb8 37. Rc3 b4 38. Rb3 Rb5 39. Nf4 Nd8 40.
Nd3 Nc6 41. Kf1  1/2-1/2

[Event "M.Chigorin Memorial 2017 "]
[Site "?????-?????????"]
[Date "2017.10.21"]
[Round "1"]
[Board "73"]
[White "Chekletsov, Ilya"]
[Black "Stepanyan, Eva"]
[Result "1-0"]
[WhiteElo "2372"]
[BlackElo "1952"]
[PlyCount "77"]
[EventDate "2017.10.21"]
[EventRounds "9"]
[EventCountry "RUS"]

1. d4 Nf6 2. c4 e6 3. g3 d5 4. Bg2 Nc6 5. Nf3 dxc4 6. O-O Rb8 7. a4 a6 8. a5 b5
9. axb6 cxb6 10. Bf4 Bd6 11. Ne5 Na5 12. Qa4+ Ke7 13. Qc2 Bd7 14. Nxf7 Kxf7 15.
Bxd6 Ba4 16. Rxa4 Qxd6 17. Rd1 Rhc8 18. e4 Qc7 19. e5 Nd7 20. Nc3 Kg8 21. Ne4
b5 22. Ra3 Nc6 23. Ng5 Nf8 24. Rf3 Qe7 25. h4 Nb4 26. Rxf8+ Kxf8 27. Qxh7 Ke8
28. Bh3 Rb6 29. d5 Nxd5 30. Qg6+ Kd8 31. Rxd5+ Kc7 32. Nxe6+ Kb8 33. Qg4 b4 34.
Nd4 Rf8 35. Qe4 Qf7 36. f4 c3 37. e6 Qc7 38. Rd7 Qc4 39. Bg2  1-0

[Event "M.Chigorin Memorial 2017 "]
[Site "?????-?????????"]
[Date "2017.10.21"]
[Round "1"]
[Board "74"]
[White "Kuznetsov, Mikhail"]
[Black "Palachev, Petr"]
[Result "0-1"]
[WhiteElo "1947"]
[BlackElo "2372"]
[PlyCount "84"]
[EventDate "2017.10.21"]
[EventRounds "9"]
[EventCountry "RUS"]

1. d4 Nf6 2. c4 e6 3. Nf3 d5 4. Nc3 Bb4 5. Bg5 Nbd7 6. e3 h6 7. Bxf6 Qxf6 8.
Qb3 Bxc3+ 9. Qxc3 c5 10. cxd5 exd5 11. Bb5 O-O 12. O-O c4 13. b3 Nc5 14. bxc4
Ne4 15. Qc1 Nd6 16. Ne5 a6 17. Bd7 Nxc4 18. Nxc4 dxc4 19. Ba4 b5 20. Bc2 Bb7
21. Qd2 Rfe8 22. f3 a5 23. e4 b4 24. Rab1 c3 25. Qf2 Ba6 26. Rfc1 Bc4 27. Bb3
Qa6 28. Ba4 Rec8 29. d5 Bb5 30. Bd1 Bd3 31. Bc2 Rab8 32. Qd4 Bxc2 33. Rxc2 Qb6
34. Qxb6 Rxb6 35. Kf2 a4 36. d6 Rc4 37. Rd1 Rb8 38. d7 Rd8 39. Rd3 Kf8 40. Ke3
Ke7 41. Rd5 b3 42. Re5+ Kxd7  0-1